Najlepsi Strzelcy Radomiaka Radom w Historii - Statystyki

Ogólne statystyki
  • Ten quiz został rozwiązany 22 razy
  • Średni wynik to 4 z 10
Statystyki odpowiedzi
Gole Narodowość Odpowiedź % Poprawnych
105 Brazylia Leândro
94%
31 Polska Karol Angielski
88%
21 Portugalia Leonardo Rocha
88%
12 Brazylia Maurides
75%
14 Polska Dawid Abramowicz
25%
14 Polska Maciej Świdzikowski
19%
12 Polska Mateusz Radecki
13%
22 Polska Patryk Mikita
6%
11 Czechy Jakub Rolinc
0%
18 Polska Rafał Makowski
0%
Nie znaleziono quizów pasujących do podanych kryteriów
Rozkład punktacji
Procent ludzi z każdym wynikiem
Percentyl według liczby udzielonych odpowiedzi
Twoja historia wyników
Nie rozwiązałeś tego quizu